Cross-sector collaboration in times of crisis: Findings from a study of the Funing tornado in China (Record no. 518087)

000 -LEADER
fixed length control field 01688nam a22001577a 4500
008 - FIXED-LENGTH DATA ELEMENTS--GENERAL INFORMATION
fixed length control field 210817b ||||| |||| 00| 0 eng d
100 ## - MAIN ENTRY--PERSONAL NAME
Personal name Lu, Yana and Li, Yanwei
245 ## - TITLE STATEMENT
Title Cross-sector collaboration in times of crisis: Findings from a study of the Funing tornado in China
260 ## - PUBLICATION, DISTRIBUTION, ETC. (IMPRINT)
Place of publication, distribution, etc Local Government Studies
300 ## - PHYSICAL DESCRIPTION
Extent 46(3), Jun, 2020: p.459-482
520 ## - SUMMARY, ETC.
Summary, etc The recent occurrence of several large-scale crises, such as the Wenchuan and Yaan earthquakes, the Gansu mudslides, the Tianjin port blast, and the Funing tornado, has led decision makers in China to increasingly recognise the need to engage non-government organizations (NGOs) in responding to crises. In this study, we establish a framework to analyse collaboration between government and NGOs during crises. This framework consists of four levels for cross-sector collaboration, and six conditions explaining them. The framework is used to analyse a case study on collaboration between local government and NGOs during the Funing tornado. Collaboration occurred at the information sharing and action coordination levels. We conclude the formal collaboration between government and NGOs in this case was still limited and it was not based on negotiations and interactions. Instead, it was essentially hierarchical and control-oriented. This type of collaboration might have the advantage of responding to crises in an effective way, but it comes at the cost of trust, commitment and reciprocity. – Reproduced
650 ## - SUBJECT ADDED ENTRY--TOPICAL TERM
Topical term or geographic name as entry element Governance, Cross-sector collaboration, Case study, Crisis, China
9 (RLIN) 26891
773 ## - HOST ITEM ENTRY
Main entry heading Local Government Studies
906 ## - LOCAL DATA ELEMENT F, LDF (RLIN)
Subject DIP DISASTER MANAGEMENT - CHINA
942 ## - ADDED ENTRY ELEMENTS (KOHA)
Item type Articles
Holdings
Withdrawn status Lost status Source of classification or shelving scheme Damaged status Not for loan Permanent location Current location Date acquired Serial Enumeration / chronology Barcode Date last seen Koha item type
          Indian Institute of Public Administration Indian Institute of Public Administration 2021-08-17 46(3), Jun, 2020: p.459-482 AR125284 2021-08-17 Articles

Powered by Koha